Skip to main content
Your cart is empty.
Your lists
Log in to create your own lists
Your cookies
العربية
English
العربية
Home
Search
Advanced search
Authority search
About
The noble scholar, jurist, historian
His Excellency Dr. Abdul Wahhab bin Ibrahim Abu Sulaiman, may Allah have mercy on him.
He was born in Umm Al-Qura in the year 1356 AH.
Library catalog
Title
Author
Subject
ISBN
ISSN
Series
Call number
Log in to your account
×
Login:
Password:
Home
MARC view: نحو موسوعة شاملة للحديث النبوي الشريف /
Normal view
MARC view
ISBD view
نحو موسوعة شاملة للحديث النبوي الشريف / (Record no. 12404)
[
view plain
]
MARC details
000 -LEADER
fixed length control field
00902nam a22002531i 4500
003 - CONTROL NUMBER IDENTIFIER
control field
SA-RiAUC
005 - DATE AND TIME OF LATEST TRANSACTION
control field
20251005131433.0
008 - FIXED-LENGTH DATA ELEMENTS--GENERAL INFORMATION
fixed length control field
251002s1989 le g 000 0 ara c
040 ## - CATALOGING SOURCE
Original cataloging agency
JO-IrYU
Language of cataloging
ara
Transcribing agency
SA-RiAUC
Description conventions
rda
050 14 - LIBRARY OF CONGRESS CALL NUMBER
Item number
D4422 1989
082 04 - DEWEY DECIMAL CLASSIFICATION NUMBER
Classification number
230
090 ## - LOCALLY ASSIGNED LC-TYPE CALL NUMBER (OCLC); LOCAL CALL NUMBER (RLIN)
Classification number (OCLC) (R) ; Classification number, CALL (RLIN) (NR)
230
Local cutter number (OCLC) ; Book number/undivided call number, CALL (RLIN)
د ي ب
100 1# - MAIN ENTRY--PERSONAL NAME
Personal name
الديب، عبد العظيم محمود،
Dates associated with a name
1929-2010
Relator term
مؤلف.
245 10 - TITLE STATEMENT
Title
نحو موسوعة شاملة للحديث النبوي الشريف /
Statement of responsibility, etc.
عبد العظيم الديب.
264 #1 - PRODUCTION, PUBLICATION, DISTRIBUTION, MANUFACTURE, AND COPYRIGHT NOTICE
Place of production, publication, distribution, manufacture
بيروت :
Name of producer, publisher, distributor, manufacturer
مؤسسة الرسالة،
Date of production, publication, distribution, manufacture, or copyright notice
1989
300 ## - PHYSICAL DESCRIPTION
Extent
128 صفحة ؛
Dimensions
20 سم.
336 ## - CONTENT TYPE
Content type term
نص
Content type code
txt
Source
rdacontent
Materials specified
كتاب
337 ## - MEDIA TYPE
Media type term
بدون وسيط
Media type code
n
Source
rdamedia
338 ## - CARRIER TYPE
Carrier type term
مجلد
Carrier type code
nc
Source
rdacarrier
650 #7 - SUBJECT ADDED ENTRY--TOPICAL TERM
Topical term or geographic name entry element
الحديث
Source of heading or term
aucsh
650 #7 - SUBJECT ADDED ENTRY--TOPICAL TERM
Topical term or geographic name entry element
علم الحديث
Source of heading or term
aucsh
942 ## - ADDED ENTRY ELEMENTS (KOHA)
Source of classification or shelving scheme
Dewey Decimal Classification
Koha item type
Books
Suppress in OPAC
No
949 ## - LOCAL PROCESSING INFORMATION (OCLC)
a
SA-JeALM
d
251002
u
mohamedma123
n
1
Holdings
Withdrawn status
Lost status
Source of classification or shelving scheme
Damaged status
Not for loan
Home library
Current library
Date acquired
Total checkouts
Full call number
Barcode
Date last seen
Price effective from
Koha item type
Dewey Decimal Classification
DR AbdElwahab Library
DR AbdElwahab Library
10/05/2025
230 د ي ب
000019949
10/05/2025
10/05/2025
Books
Place hold
Print
Add to your cart
(remove)
Save record
BIBTEX
Dublin Core
MARCXML
MARC (non-Unicode/MARC-8)
MARC (Unicode/UTF-8)
MARC (Unicode/UTF-8, Standard)
MODS (XML)
RIS
ISBD
More searches
Search for this title in:
Other Libraries (WorldCat)
Other Databases (Google Scholar)
Online Stores (Bookfinder.com)
Open Library (openlibrary.org)
Exporting to Dublin Core...
×
Simple DC-RDF
OAI-DC
SRW-DC